| 000 | 00373nam a2200145 a 4500 | ||
|---|---|---|---|
| 001 | 2215 | ||
| 003 | CDMR | ||
| 005 | 20130116135226.0 | ||
| 008 | 130130s1973||||||||||||||||||||||||||||d | ||
| 040 |
_aCDMR _bcat _cCDMR |
||
| 100 | 1 |
_aMoreno Sardà, Amparo _91644 |
|
| 245 | 1 | 3 |
_aLa prensa actual de sucesos en España _cAmparo Moreno Sarda |
| 260 |
_aBarcelona _c1973 |
||
| 942 | _cTSN | ||
| 999 |
_c2215 _d2215 |
||